Psychologie de la résilience (notice n° 1567626)

détails MARC
000 -LEADER
fixed length control field 01483cam a2200133 4500500
005 - DATE AND TIME OF LATEST TRANSACTION
control field 20251214003232.0
041 ## - LANGUAGE CODE
Language code of text/sound track or separate title fre
042 ## - AUTHENTICATION CODE
Authentication code dc
100 10 - MAIN ENTRY--PERSONAL NAME
Personal name Anaut, Marie
Relator term author
245 00 - TITLE STATEMENT
Title Psychologie de la résilience
260 ## - PUBLICATION, DISTRIBUTION, ETC.
Name of publisher, distributor, etc. Armand Colin,<br/>
Date of publication, distribution, etc. 2015.<br/>
520 ## - SUMMARY, ETC.
Summary, etc. Le terme de résilience fait référence aux compétences trouvées-crées par des individus pour faire face à des situations délétères : événements de vie traumatiques, accidents, maladies, handicaps, carences affectives graves, grande précarité, etc. La résilience peut concerner des sujets qui surmontent une situation d’adversité sévère ou bien qui récupèrent ou maintiennent leur intégrité psychique après un traumatisme. Le fonctionnement résilient s’édifie sur un jeu complexe de processus défensifs d’ordre intrapsychique et de facteurs de protection internes et externes. L’étude des processus de résilience constitue un modèle d’approche du sujet considéré dans sa globalité, avec ses ressources et ses processus défensifs autant que ses fragilités.Cet ouvrage met en perspective les évolutions théoriques de ce modèle au cours des décennies, depuis son émergence jusqu’à nos jours. L’auteur présente les différentes approches théoriques et cliniques, discute de ses apports, de ses limites et de ses applications pratiques.
856 41 - ELECTRONIC LOCATION AND ACCESS
Uniform Resource Identifier <a href="https://shs.cairn.info/psychologie-de-la-resilience--9782200611798?lang=fr&redirect-ssocas=7080">https://shs.cairn.info/psychologie-de-la-resilience--9782200611798?lang=fr&redirect-ssocas=7080</a>

Pas d'exemplaire disponible.

PLUDOC

PLUDOC est la plateforme unique et centralisée de gestion des bibliothèques physiques et numériques de Guinée administré par le CEDUST. Elle est la plus grande base de données de ressources documentaires pour les Étudiants, Enseignants chercheurs et Chercheurs de Guinée.

Adresse

627 919 101/664 919 101

25 boulevard du commerce
Kaloum, Conakry, Guinée

Réseaux sociaux

Powered by Netsen Group @ 2025